| 000 | 00885nam a22002295i 4500 | ||
|---|---|---|---|
| 001 | 179925 | ||
| 003 | ES-MaACL | ||
| 005 | 20230906220937.0 | ||
| 008 | 120229s1843 sp |||| | spa d | ||
| 080 | _a821.133.1-23"18" | ||
| 100 | 1 |
_aMélesville ( _d1787-1865) _9149489 |
|
| 245 | 1 | 3 |
_aLa cuenta del zapatero _b: comedia en un acto / _cescrita en francés por Melesville ; (traducida por J. G. Doncel). |
| 260 |
_aMadrid : _b[s.a., _cs.a.] ( _fImprenta de Pedro Mora y Soler) |
||
| 300 |
_a18 p. ; _c25 cm. |
||
| 490 | 1 | _aMuseo dramático | |
| 594 | _aTítulo y autores tomados de principio del texto. | ||
| 596 | _aPie de imp. tomado de colofón. | ||
| 700 | 1 |
_aGarcía Doncel, Juan. _9147935 |
|
| 830 | 0 |
_aMuseo dramático _9187645 |
|
| 852 |
_aES-MaACL _jF-7489(20) _z.- Enc. hol. -- Falto de la port. y la cub. original -- Enc. en un vol. facticio |
||
| 999 |
_c179925 _d179925 |
||